Experimental agriculture ; being the results of past, and suggestions for future experiments in scientific and practical agriculture /

Bibliographic Details
Main Author: Johnston, Jas. F. W. (James Finlay Weir), 1796-1855
Format: Book
Language:English
Published: Edinburgh, London : W. Blackwood and Sons, 1849.
Subjects:

MARC

Tag First Indicator Second Indicator Subfields
LEADER 00000cam a2200000 4500
001 in00000663321
005 20151015082632.0
008 800922s1849 stk 00010 eng
010 |a  15011104  
035 |a (OCoLC)06739666 
035 |9 ACX9421AM 
040 |a DLC  |c TXA  |d UtOrBLW 
049 |a TXAS  |c [45063] 
050 0 0 |a S587  |b .J6 
090 |a S587  |b .J6 1849 
092 |a 630  |b J72e 
100 1 |a Johnston, Jas. F. W.  |q (James Finlay Weir),  |d 1796-1855. 
245 1 0 |a Experimental agriculture ;  |b being the results of past, and suggestions for future experiments in scientific and practical agriculture /  |c by James F. W. Johnston ... 
264 1 |a Edinburgh,  |a London :  |b W. Blackwood and Sons,  |c 1849. 
300 |a xv, 265 pages ;  |c 23 cm. 
336 |a text  |b txt  |2 rdacontent 
337 |a unmediated  |b n  |2 rdamedia 
338 |a volume  |b nc  |2 rdacarrier 
650 0 |a Agriculture. 
999 |a MARS 
999 f f |s dea59465-522e-3353-b0a1-230ca69df11b  |i 5349aadc-b5f3-3f06-a09b-463a3a94160c  |t 0 
952 f f |p noncirc  |a Texas A&M University  |b College Station  |c Cushing Memorial Library & Archives  |d Cushing: Rare Books (Does not check out)  |t 0  |e S587 .J6 1849  |h Library of Congress classification  |i unmediated -- volume 
998 f f |a S587 .J6 1849  |t 0  |l Cushing: Rare Books (Does not check out)